| 000 | 01158nam a22002657a 4500 | ||
|---|---|---|---|
| 999 |
_c63738 _d63738 |
||
| 005 | 20240530110656.0 | ||
| 008 | 171220s2016 ua ak g b 000 0 ara d | ||
| 017 |
_a2015/14114 _bمصر. دار الكتب |
||
| 020 | _a9789770530009 | ||
| 040 |
_aEG-CaGPL _cEG-CaGPL |
||
| 082 | 0 | 4 |
_221 _a371.207 / _bهـ ت |
| 100 | 0 | _aهند سيد احمد على الشوربجى | |
| 245 | 1 | 0 |
_aتفعيل وحدة ادارة الازمات بالمؤسسات التعليمية / _cاعداد هند سيد احمد على الشوربجى ؛ تقديم سوزان محمد المهدى |
| 260 |
_aالقاهرة : _bمكتبة الانجلو المصرية ، _c2016. |
||
| 300 |
_a193 ص. : _bايض ؛ _c24 سم. |
||
| 504 | _aيشتمل على ارجاعات ببليوجرافية | ||
| 650 | 0 | 7 |
_2qrmak _aادارة الازمات |
| 650 | 0 | 7 |
_2qrmak _aالمدارس _xتنظيم وادارة |
| 650 | 0 | 7 |
_2qrmak _aالمدارس _xالاشراف |
| 650 | 0 | 7 |
_2qrmak _aالادارة التعليمية |
| 651 | _2qrmak | ||
| 700 | 0 |
_aسوزان محمد المهدى _eمقدم |
|
| 942 |
_2ddc _cBK |
||